000 00388nam a2200145Ia 4500
008 210719s1989 xx 000 0 und d
041 _aeng
082 _a378.06 MANG
100 _aMANGALORE UNIVERSITY
245 _aMangalore university annual report 1988-89.
260 _aMangalore.
_bMangalore University.,
_c1989
300 _a143
_bPB
365 _cRs
650 _aHigher Education
999 _c212152
_d212152